000 00530 a2200133 4500
082 _aMIT-2
100 _aSyed Ameer Ahmed Gillani
_9106968
245 _aPerformance Evaluation and Enhancement of TCP in Mobile Adhoc Networks
_cSyed Ameer Ahmed Gillani
260 _a Isalamabad,
_bNUST School of Electrical Engineering & Computer Science,
_c2004.
300 _a xvi, 94 p. :
_b ill. ;
_c 27 cm.
500 _aSupervisor : Dr. S M H Zaidi.
856 _uhttp://10.250.8.41:8080/xmlui/handle/123456789/32253
942 _cPR
_kMIT-2 AME
_2ddc
999 _c9264
_d9264